Heat / (Record no. 49301)
| 000 -LEADER | |
|---|---|
| fixed length control field | 00359nam a2200133 4500 |
| 020 ## - INTERNATIONAL STANDARD BOOK NUMBER | |
| International Standard Book Number | 9780716614678 |
| 100 ## - MAIN ENTRY--PERSONAL NAME | |
| Personal name | Mithun, Joseph |
| 9 (RLIN) | 86542 |
| 245 ## - TITLE STATEMENT | |
| Title | Heat / |
| Statement of responsibility, etc | Joseph Midthun & Samuel Hiti |
| 260 ## - PUBLICATION, DISTRIBUTION, ETC. (IMPRINT) | |
| Place of publication, distribution, etc | Chicago |
| Name of publisher, distributor, etc | World Book |
| Date of publication, distribution, etc | 2017 |
| 300 ## - PHYSICAL DESCRIPTION | |
| Extent | 32 p. |
| Other physical details | col. ill. |
| Dimensions | 25 cm. |
| 490 ## - SERIES STATEMENT | |
| Series statement | Building Blocks of Science |
| 650 ## - SUBJECT ADDED ENTRY--TOPICAL TERM | |
| Topical term or geographic name as entry element | Heat |
| 9 (RLIN) | 64886 |
| 942 ## - ADDED ENTRY ELEMENTS (KOHA) | |
| Source of classification or shelving scheme | |
| Koha item type | Books/GRAPHICS |
| Withdrawn status | Lost status | Source of classification or shelving scheme | Damaged status | Not for loan | Collection code | Home library | Current library | Date acquired | Total Checkouts | Full call number | Barcode | Date last seen | Price effective from | Koha item type | Public note |
|---|---|---|---|---|---|---|---|---|---|---|---|---|---|---|---|
| TEACHERS' RESOURCES | Asian Hope Early Years Library | Asian Hope Early Years Library | 08/14/2025 | GRAPHIX 536 MID | 208542 | 08/14/2025 | 08/14/2025 | Books/GRAPHICS | YEAR 1 BOOK |